Music Quiz

Random Music or Lyrics Quiz

Non-Stop Lyrics P.3 Quiz Stats

Quiz not verified by Sporcle

Challenge
Share
Tweet
Embed
Score 0/300 Timer 10:00
1 Play Today
% Correct
The
98.2%
The
98.2%
The
98.2%
I
98.2%
I
98.2%
The
98.2%
I
98.2%
The
98.2%
The
98.2%
The
98.2%
The
98.2%
The
98.2%
The
98.2%
The
98.2%
The
98.2%
I
98.2%
The
98.2%
I
98.2%
The
98.2%
I
98.2%
A
97.6%
A
97.6%
A
97.6%
A
97.6%
A
97.6%
A
97.6%
A
97.6%
Of
96.4%
Of
96.4%
Of
96.4%
Of
96.4%
Of
96.4%
Of
96.4%
Of
96.4%
Of
96.4%
Of
96.4%
Of
96.4%
Of
96.4%
Of
96.4%
Of
96.4%
To
95.2%
To
95.2%
To
95.2%
To
95.2%
To
95.2%
To
95.2%
To
95.2%
To
95.2%
Time
94.5%
You
94.5%
You
94.5%
You
94.5%
And
94.5%
Time
94.5%
You
94.5%
And
94.5%
Do
94.5%
You
94.5%
Time?
94.5%
And
94.5%
Time?
94.5%
You
94.5%
Time
94.5%
Time
94.5%
You
94.5%
Time?
94.5%
Do
94.5%
You
94.5%
Do
94.5%
You
94.5%
You
94.5%
Do
94.5%
You
94.5%
You
94.5%
Write
93.9%
Write
93.9%
Write
93.9%
After
93.9%
How
93.9%
Write
93.9%
Write
93.9%
How
93.9%
Write
93.9%
How
93.9%
Write
93.9%
How
93.9%
Write
93.9%
My
93.3%
Am
93.3%
My
93.3%
My
93.3%
Alexander
93.3%
You're
93.3%
Be
93.3%
Be
93.3%
Alexander
93.3%
You're
93.3%
Day
93.3%
You're
93.3%
Day
93.3%
% Correct
You're
93.3%
You're
93.3%
You're
93.3%
You're
93.3%
You're
93.3%
Am
93.3%
Be
93.3%
My
93.3%
I'm
92.7%
I'm
92.7%
Me
92.7%
For
92.7%
For
92.7%
They
92.7%
Hamilton
92.7%
Other
92.7%
Like
92.7%
Like
92.7%
Like
92.7%
Like
92.7%
Like
92.7%
Like
92.7%
They
92.7%
Me
92.7%
I'm
92.7%
In
92.1%
He
92.1%
Are
92.1%
Your
92.1%
Your
92.1%
Essays
92.1%
Essays,
92.1%
In
92.1%
Wrote
92.1%
Essays,
92.1%
In
92.1%
Wrote
92.1%
Wrote
92.1%
Running
92.1%
Running
92.1%
Running
92.1%
Running
92.1%
Are
92.1%
Running
92.1%
Are
92.1%
No
91.5%
Five.
91.5%
Out
91.5%
Night
91.5%
Out
91.5%
Ev'ry
91.5%
Out
91.5%
Out
91.5%
Out
91.5%
Ev'ry
91.5%
Ev'ry
91.5%
Ev'ry
91.5%
Can
90.9%
Madison
90.9%
Got
90.9%
Madison
90.9%
Can
90.9%
Who
90.3%
Who
90.3%
Is
90.3%
Who
90.3%
Is
90.3%
Sick
90.3%
It
90.3%
Not
89.7%
But
89.7%
Alive
89.7%
Alive,
89.7%
James
89.7%
John
89.7%
John
89.7%
James
89.7%
Fifty-one!
89.7%
Alive?
89.7%
Alive?
89.7%
Alive?
89.7%
Man
89.7%
Will
89.1%
Will
89.1%
Where
89.1%
Where
89.1%
That
89.1%
That
89.1%
That
89.1%
Writing
89.1%
That
89.1%
Keep
88.5%
All
88.5%
Don't
88.5%
Need
88.5%
Need
88.5%
One
87.9%
Right
87.9%
Hand
87.9%
Off
87.3%
% Correct
London
87.3%
Fun,
87.3%
Forget
87.3%
Would
87.3%
Would
87.3%
Series
87.3%
Asking
87.3%
Lead
87.3%
Asking
87.3%
Nation
86.7%
Always
86.7%
Lot
86.7%
At
86.7%
At
86.7%
Enough
86.7%
Enough?
86.7%
Jay
86.7%
Jay
86.7%
Survive?
86.7%
Second
86.7%
Second
86.7%
Second
86.7%
By
86.1%
Days
86.1%
Best
86.1%
Someone
85.5%
Pays
85.5%
Have
85.5%
Angelica
85.5%
Look
85.5%
Look
85.5%
Started
85.5%
Wife
85.5%
Twenty-nine.
85.5%
Doing
85.5%
Watching
84.8%
Watching
84.8%
There's
84.8%
Fact
84.8%
Miracle
84.8%
If
84.8%
Could
84.8%
If
84.8%
Could
84.8%
Was
84.8%
End,
84.8%
Sailing
84.2%
Share
84.2%
People
84.2%
Way
83.6%
Afterbirth
83.6%
Found
83.6%
Husband
83.6%
Match
83.6%
Stay
83.6%
Fraction
83.6%
Plan
83.6%
Fight
83.6%
Wind
83%
Blow
83%
Phrase
83%
Just
83%
With
83%
Constitution,
83%
Twenty-five
83%
Eighty-five
83%
Comfort
82.4%
Mind
82.4%
Which
81.8%
Months.
81.8%
Taking
81.2%
Grow
81.2%
Wealthy
81.2%
Six
81.2%
Accompanied
80.6%
Turn
80.6%
Grant
80.6%
Won't
80.6%
Peace
80%
Span
80%
Tomorrow
80%
Tension
79.4%
Arrive?
79.4%
Federalist
78.2%
Papers.
78.2%
Three
77.6%
Men.
77.6%
Total
76.4%
Get
76.4%
Defending
75.8%
Forces
74.5%
Divided
73.9%
New
73.3%
United
72.7%
States
72.7%
Joins
71.5%
Among
71.5%
Evenly
70.3%
Work
68.5%
Entitled
62.4%

You're not logged in!

Compare scores with friends on all Sporcle quizzes.
Sign Up with Email
OR
Log In

You Might Also Like...

Show Comments

Extras

Top Quizzes Today


Score Distribution

Your Account Isn't Verified!

In order to create a playlist on Sporcle, you need to verify the email address you used during registration. Go to your Sporcle Settings to finish the process.